000 00605nam a2200193Ia 4500
005 20260429112041.0
008 260429s9999||||xx |||||||||||||| ||und||
020 _a9789391798376
041 _aHindi
082 _a305.4
_bBAL
100 _aबाला, इंदु
245 0 _aलिंग और समाज /
_cइंदु बाला
250 _a1st ed.
260 _aदिल्ली :
_bएकैडमिक पब्लिकेशन,
_c2023.
300 _a158 p.; Hb
650 _aहिंदी साहित्य
700 _a बाला, अंजू
942 _cTB
999 _c52088
_d52088